E Answers Quiz #2 - Statistics

General Stats
  • This quiz has been taken 45,159 times
    45,118 since last reset
  • The average score is 14 of 24
Answer Stats
Clue Answer % Correct
The center of a hurricane Eye
91%
Auction website eBay
84%
Where Ra and Osiris were worshipped Egypt
81%
Street haunted by Freddy Krueger Elm
78%
Sword of King Arthur Excalibur
76%
European song contest Eurovision
75%
Japanese emoticons Emoji
74%
Noble rank in Britain Earl
73%
Popular Beethoven piece, Für _____ Elise
72%
Irish for Ireland Éire
68%
Greek god of love Eros
68%
Companion to the Tigris Euphrates
65%
One of three parts of the psyche Ego
62%
Title of the ruler of Dubai Emir
60%
Latin for "therefore" Ergo
59%
Franklin's first lady Eleanor
55%
Slimy goo left by ghosts Ectoplasm
54%
Unagi Eel
44%
Language, created in the 1800s, with over a million speakers Esperanto
43%
Moon of Jupiter that may have oceans Europa
38%
Major river of the Czech Republic and Germany Elbe
37%
City near Düsseldorf and Dortmund Essen
36%
Exit or female egret Egress
29%
Swiss mathematician, one of the greatest ever Euler
25%
No matching quizzes found
Score Distribution
Percent of People with Each Score
Percentile by Number Answered
Your Score History
You have not taken this quiz since the last reset